[Event "Rhein Main op-B 22nd"]
[Site "Bad Homburg"]
[Date "2019.06.23"]
[Round "7"]
[White "Doell Hentschker, Susanne"]
[Black "Meffert, Astrid"]
[Result "1-0"]
[WhiteElo "1229"]
[BlackElo "1293"]
[PlyCount "97"]
[EventDate "2019.06.19"]
[EventType "swiss"]
[EventRounds "7"]
[EventCountry "GER"]
[SourceTitle "EXT 2020"]
[Source "ChessBase"]
[SourceDate "2019.10.17"]
[SourceVersion "1"]
[SourceVersionDate "2019.10.17"]
[SourceQuality "1"]

1. d4 d5 2. Nf3 e6 3. Bf4 Nf6 4. e3 c5 5. c3 Qa5 6. Nbd2 cxd4 7. exd4 Nc6 8. Be2 Nh5 9. Bg3 Bd7 10. Ne5 Nxg3 11. hxg3 Nxe5 12. dxe5 Rc8 13. Nb3 Qb6 14. Qd2 Be7 15. Bd3 h6 16. Rc1 Bg5 17. f4 Be7 18. Qc2 Qe3+ 19. Kf1 Qxg3 20. Rh3 Qxf4+ 21. Rf3 Qxe5 22. Re1 Qc7 23. Bg6 Rf8 24. Re2 Bb5 25. Bd3 Bxd3 26. Qxd3 Qc4 27. Qxc4 Rxc4 28. Ke1 Re4 29. Rxe4 dxe4 30. Rf1 f5 31. Kd1 Bg5 32. Kc2 b6 33. Nd4 Rf6 34. Nc6 a5 35. Rd1 Rf7 36. Ne5 Rc7 37. Rd6 Bf6 38. Ng6 e5 39. Rxb6 Kd8 40. Rb8+ Rc8 41. Rb7 e3 42. Kd1 f4 43. Ke2 Rc7 44. Rxc7 Kxc7 45. a4 e4 46. Nxf4 g5 47. Nd5+ Kd6 48. Nxf6 Ke5 49. Ng4+ 1-0

[Event "Rhein Main op-B 22nd"]
[Site "Bad Homburg"]
[Date "2019.06.20"]
[Round "2"]
[White "Meffert, Astrid"]
[Black "Mengel, Alexander"]
[Result "0-1"]
[WhiteElo "1293"]
[BlackElo "1417"]
[PlyCount "58"]
[EventDate "2019.06.19"]
[EventType "swiss"]
[EventRounds "7"]
[EventCountry "GER"]
[SourceTitle "EXT 2020"]
[Source "ChessBase"]
[SourceDate "2019.10.17"]
[SourceVersion "1"]
[SourceVersionDate "2019.10.17"]
[SourceQuality "1"]

1. d4 Nf6 2. e3 e6 3. c4 Bb4+ 4. Nc3 b6 5. Bd2 Bb7 6. Nf3 0-0 7. Be2 d6 8. a3 Bxc3 9. Bxc3 Ne4 10. Rc1 Nd7 11. d5 e5 12. Qc2 f5 13. b4 a5 14. b5 Ndc5 15. Ba1 Bc8 16. g3 Rf6 17. h4 Bd7 18. Ng5 h6 19. Nh3 Qe7 20. Rg1 Rff8 21. f3 Nxg3 22. Rxg3 Qxh4 23. Kf2 f4 24. exf4 exf4 25. Nxf4 Rxf4 26. Rcg1 Ne4+ 27. Ke3 Nxg3 28. Qg6 Qe7+ 29. Kd2 Qxe2+ 0-1

[Event "Rhein Main op-B 21st"]
[Site "Bad Homburg"]
[Date "2018.06.02"]
[Round "5"]
[White "Eurich, Jannik"]
[Black "Meffert, Astrid"]
[Result "1-0"]
[WhiteElo "1661"]
[BlackElo "1310"]
[PlyCount "57"]
[EventDate "2018.05.30"]
[EventType "swiss"]
[EventRounds "7"]
[EventCountry "GER"]
[SourceTitle "EXT 2019"]
[Source "ChessBase"]
[SourceDate "2018.10.10"]
[SourceVersion "1"]
[SourceVersionDate "2018.10.10"]
[SourceQuality "1"]

1. e4 e6 2. d4 d5 3. Nd2 c6 4. e5 Qb6 5. c3 a5 6. Bd3 g6 7. Ne2 Nd7 8. f4 c5 9. Nf3 h6 10. g4 Ne7 11. Ng3 c4 12. Bc2 Qa7 13. f5 b5 14. fxe6 fxe6 15. g5 h5 16. Nh4 Rg8 17. Nxg6 Kd8 18. Qxh5 Nxg6 19. Bxg6 Bg7 20. Qh7 Rf8 21. Qxg7 Ba6 22. Nh5 Kc7 23. Nf6 Rfd8 24. Be8 Bc8 25. Qe7 Rb8 26. Qd6+ Kb7 27. Nxd7 Bxd7 28. Bxd7 Ka8 29. Bc6+ 1-0

[Event "Rhein Main op-B 21st"]
[Site "Bad Homburg"]
[Date "2018.05.31"]
[Round "2"]
[White "Emig, Nils"]
[Black "Meffert, Astrid"]
[Result "1-0"]
[WhiteElo "1598"]
[BlackElo "1310"]
[PlyCount "135"]
[EventDate "2018.05.30"]
[EventType "swiss"]
[EventRounds "7"]
[EventCountry "GER"]
[SourceTitle "EXT 2019"]
[Source "ChessBase"]
[SourceDate "2018.10.10"]
[SourceVersion "1"]
[SourceVersionDate "2018.10.10"]
[SourceQuality "1"]

1. d4 d5 2. c4 e6 3. Nc3 Bb4 4. Qc2 Nf6 5. Nf3 c6 6. e3 Nbd7 7. Bd3 Bxc3+ 8. Qxc3 c5 9. 0-0 b6 10. a3 Bb7 11. cxd5 Bxd5 12. Nd2 Rc8 13. e4 cxd4 14. Qxd4 e5 15. Qe3 Be6 16. h3 0-0 17. Ba6 Rc7 18. b4 Nb8 19. Bd3 Rc3 20. Qe2 Rxd3 21. Nf3 b5 22. Nxe5 Rd4 23. f3 a6 24. Be3 Bc4 25. Nxc4 Rxc4 26. Bg5 Qb6+ 27. Be3 Qc7 28. Bc5 Rc8 29. Qe3 Nbd7 30. Bd4 Re8 31. Rfd1 h6 32. Qe1 Rc2 33. Bf2 Nh5 34. Rd4 f5 35. Qd1 Nhf6 36. Bg3 Qc8 37. e5 Nh5 38. Rxd7 Nxg3 39. Qd5+ Kh7 40. Qf7 Rg8 41. Rad1 Rc1 42. Kh2 Rxd1 43. Rxd1 Rf8 44. Qd5 f4 45. e6 Nf5 46. Qe4 Kh8 47. e7 Nxe7 48. Qxe7 Qe8 49. Qxe8 Rxe8 50. Rd6 Ra8 51. g3 fxg3+ 52. Kxg3 a5 53. Rb6 axb4 54. axb4 Ra3 55. Rxb5 Rb3 56. Rb8+ Kh7 57. b5 Kg6 58. b6 Kg5 59. Rb7 g6 60. Rb8 Rb4 61. b7 h5 62. h4+ Rxh4 63. Rd8 Rb4 64. b8Q Rxb8 65. Rxb8 h4+ 66. Kh3 Kf4 67. Rb4+ Kxf3 68. Kxh4 1-0

[Event "Rhein Main op-B 21st"]
[Site "Bad Homburg"]
[Date "2018.05.30"]
[Round "1"]
[White "Gerhard, Dominik"]
[Black "Meffert, Astrid"]
[Result "1-0"]
[WhiteElo "1751"]
[BlackElo "1310"]
[PlyCount "81"]
[EventDate "2018.05.30"]
[EventType "swiss"]
[EventRounds "7"]
[EventCountry "GER"]
[SourceTitle "EXT 2019"]
[Source "ChessBase"]
[SourceDate "2018.10.10"]
[SourceVersion "1"]
[SourceVersionDate "2018.10.10"]
[SourceQuality "1"]

1. e4 e6 2. d4 d5 3. Nc3 c6 4. Be3 Qb6 5. Na4 Qb4+ 6. c3 Qa5 7. e5 b5 8. b4 Bxb4 9. cxb4 Qxb4+ 10. Bd2 Qxd4 11. Nc3 Qxe5+ 12. Be2 Nd7 13. Nf3 Qc7 14. Rc1 a6 15. a4 Qa7 16. Be3 c5 17. axb5 Ngf6 18. Bf4 0-0 19. bxa6 c4 20. 0-0 Nc5 21. Nb5 Qd7 22. Nbd4 Bxa6 23. Ne5 Qc8 24. Nec6 Re8 25. Bd6 Kh8 26. Bxc5 e5 27. Nxe5 Rxe5 28. Bd6 Re8 29. Re1 Ne4 30. Bf4 h6 31. Bf3 f5 32. Bxe4 fxe4 33. Be3 Rb8 34. f3 Rb2 35. Rc2 Rb7 36. fxe4 dxe4 37. Qh5 Rbe7 38. Qg6 Rf8 39. Bf2 Rf6 40. Qh5 c3 41. Bh4 1-0

[Event "Rhein Main op-B 20th"]
[Site "Bad Homburg"]
[Date "2017.06.17"]
[Round "6"]
[White "Hoelss, Silas"]
[Black "Meffert, Astrid"]
[Result "1/2-1/2"]
[WhiteElo "1234"]
[BlackElo "1354"]
[PlyCount "116"]
[EventDate "2017.06.14"]
[EventType "swiss"]
[EventRounds "7"]
[EventCountry "GER"]
[SourceTitle "EXT 2018"]
[Source "ChessBase"]
[SourceDate "2017.10.13"]
[SourceVersion "1"]
[SourceVersionDate "2017.10.13"]
[SourceQuality "1"]

1. e4 e6 2. d4 c6 3. Nf3 d5 4. e5 Qb6 5. Nbd2 c5 6. Nb3 c4 7. Nbd2 Nc6 8. c3 Bd7 9. b3 cxb3 10. axb3 Rc8 11. Bd3 a5 12. 0-0 Nge7 13. Bb2 h6 14. c4 Qd8 15. Bc3 b6 16. Nb1 g6 17. Na3 Nb4 18. Bxb4 axb4 19. Nc2 Nc6 20. Ne3 dxc4 21. bxc4 Na5 22. d5 exd5 23. cxd5 Bg7 24. d6 0-0 25. Nd5 Kh8 26. Nxb4 Rc5 27. Re1 Re8 28. Rc1 Nc6 29. Nxc6 Bxc6 30. Rxc5 bxc5 31. Be4 Bd7 32. Bd5 Rf8 33. e6 fxe6 34. Bxe6 Rf6 35. Bxd7 Qxd7 36. Ne5 Qf5 37. Re2 Rf8 38. d7 Rd8 39. g3 Bxe5 40. Qd5 Qxd7 41. Qxe5+ Kg8 42. Re1 Qd5 43. Qf6 Qg5 44. Qxg5 hxg5 45. Re5 c4 46. Rxg5 Kf7 47. Rc5 Rd1+ 48. Kg2 Rc1 49. Kf3 c3 50. Ke3 c2 51. Kd2 Rh1 52. h4 Rf1 53. f4 Rg1 54. Rc3 Kf6 55. Kxc2 Kf5 56. Kb3 Kg4 57. Kc4 Rxg3 58. Rxg3+ Kxg3 1/2-1/2

[Event "Rhein Main op-B 19th"]
[Site "Bad Homburg"]
[Date "2016.05.29"]
[Round "7"]
[White "Willenbring, Jens Dirk"]
[Black "Meffert, Astrid"]
[Result "1/2-1/2"]
[WhiteElo "1716"]
[BlackElo "1388"]
[PlyCount "109"]
[EventDate "2016.05.25"]
[EventType "swiss"]
[EventRounds "7"]
[EventCountry "GER"]
[SourceTitle "EXT 2017"]
[Source "ChessBase"]
[SourceDate "2016.10.25"]
[SourceVersion "1"]
[SourceVersionDate "2016.10.25"]
[SourceQuality "1"]

1. d4 d5 2. Nf3 e6 3. Bf4 Nf6 4. Nbd2 Be7 5. e3 Nbd7 6. c4 c5 7. Rc1 0-0 8. h3 Qa5 9. Qb3 cxd4 10. exd4 Ne4 11. Be2 Bb4 12. a3 Bxd2+ 13. Bxd2 Nxd2 14. Nxd2 Nf6 15. Qc3 Qxc3 16. Rxc3 Bd7 17. b4 Rac8 18. c5 b6 19. Bf3 Bb5 20. Be2 Bxe2 21. Kxe2 a6 22. Rhc1 b5 23. g4 h6 24. Rg1 g5 25. Rf1 Nh7 26. f4 Rfe8 27. Re3 Rf8 28. f5 Rc6 29. Nb3 Nf6 30. Nd2 Re8 31. Kd3 Kg7 32. Rfe1 h5 33. fxe6 Rexe6 34. Rxe6 fxe6 35. Re5 Kg6 36. Nf3 Nh7 37. Ke3 hxg4 38. hxg4 Kf6 39. Kf2 Kg6 40. Rxd5 exd5 41. Ne5+ Kf6 42. Nxc6 Nf8 43. Ne5 Ne6 44. Ke3 Nc7 45. Nf3 Ne6 46. Nd2 Ke7 47. Nb1 Nc7 48. Nc3 Kd7 49. a4 Kc6 50. a5 Ne6 51. Ne2 Nf8 52. Ng3 Ne6 53. Nf5 Nc7 54. Ng7 Kd7 55. Nh5 1/2-1/2

[Event "Rhein Main op-B 19th"]
[Site "Bad Homburg"]
[Date "2016.05.28"]
[Round "6"]
[White "Meffert, Astrid"]
[Black "Al Butmeh, Firas"]
[Result "1-0"]
[WhiteElo "1388"]
[BlackElo "1086"]
[PlyCount "107"]
[EventDate "2016.05.25"]
[EventType "swiss"]
[EventRounds "7"]
[EventCountry "GER"]
[SourceTitle "EXT 2017"]
[Source "ChessBase"]
[SourceDate "2016.10.25"]
[SourceVersion "1"]
[SourceVersionDate "2016.10.25"]
[SourceQuality "1"]

1. d4 d5 2. c4 c6 3. Nc3 Nf6 4. e3 e6 5. cxd5 exd5 6. Bd3 Be7 7. Nf3 b6 8. a4 0-0 9. 0-0 Ba6 10. Bxa6 Nxa6 11. Ne5 Qc7 12. Bd2 Bd6 13. f4 Nb8 14. Rc1 Qe7 15. Ne2 Bxe5 16. fxe5 Ne4 17. Nf4 f6 18. Be1 fxe5 19. dxe5 Qxe5 20. Qg4 Rf6 21. Qc8+ Rf8 22. Qxf8+ Kxf8 23. Nd3+ Ke7 24. Nxe5 Kd6 25. Nd3 Ke7 26. Nf2 Ng5 27. Bd2 Kd6 28. e4 Nxe4 29. Nxe4+ dxe4 30. Rf8 Kc7 31. Rcf1 c5 32. R1f7+ Kc6 33. Rxg7 a6 34. Bf4 b5 35. Rxb8 Rxb8 36. Bxb8 b4 37. Rxh7 c4 38. Rh3 Kd5 39. Ba7 c3 40. bxc3 b3 41. Rh8 Kc4 42. Bd4 e3 43. Bxe3 Kd3 44. Bc1 Kc2 45. Ba3 b2 46. Bxb2 Kxb2 47. c4 Kb3 48. c5 Kxa4 49. c6 Kb3 50. c7 a5 51. Ra8 a4 52. Rxa4 Kxa4 53. c8Q Kb3 54. h4 1-0

[Event "Rhein Main op-B 19th"]
[Site "Bad Homburg"]
[Date "2016.05.27"]
[Round "4"]
[White "Neagu, Liviu"]
[Black "Meffert, Astrid"]
[Result "0-1"]
[WhiteElo "1590"]
[BlackElo "1388"]
[PlyCount "70"]
[EventDate "2016.05.25"]
[EventType "swiss"]
[EventRounds "7"]
[EventCountry "GER"]
[SourceTitle "EXT 2017"]
[Source "ChessBase"]
[SourceDate "2016.10.25"]
[SourceVersion "1"]
[SourceVersionDate "2016.10.25"]
[SourceQuality "1"]

1. d4 d5 2. c4 c6 3. Nf3 Nf6 4. e3 Bg4 5. h3 Bxf3 6. Qxf3 Nbd7 7. Nc3 e6 8. a3 Rc8 9. cxd5 cxd5 10. Bb5 a6 11. Ba4 Be7 12. 0-0 0-0 13. Bd2 Nb6 14. Bb3 Qc7 15. Rfc1 Nc4 16. Be1 b5 17. Qe2 Qb6 18. Bd1 Rc7 19. b3 Nd6 20. f3 Rfc8 21. Rc2 Nb7 22. b4 Nd6 23. Bf2 Rxc3 24. Rac1 Rxc2 25. Rxc2 Rxc2 26. Qxc2 Nc4 27. Qd3 g6 28. e4 Nb2 29. Qc2 Nxd1 30. Qxd1 Qd8 31. Qc2 dxe4 32. fxe4 Nd7 33. d5 exd5 34. exd5 Ne5 35. Qd3 Nxd3 0-1